|
|
|
|
| LEADER |
00000nam0a2200000 4500 |
| 001 |
264575 |
| 005 |
20231101233837.0 |
| 010 |
|
|
|a 5362003305
|
| 035 |
|
|
|a (RuTPU)RU\TPU\book\287570
|
| 090 |
|
|
|a 264575
|
| 100 |
|
|
|a 20140620d1988 k y0rusy50 ca
|
| 101 |
0 |
|
|a rus
|
| 102 |
|
|
|a MD
|
| 105 |
|
|
|a a z 000zb
|
| 200 |
1 |
|
|a Жизнь - подвиг
|f И. И. Немиров
|
| 205 |
|
|
|a 2-е изд., доп.
|
| 210 |
|
|
|a Кишинев
|c Картя молдовеняскэ
|d 1988
|
| 215 |
|
|
|a 342 с.
|c ил.
|
| 600 |
|
1 |
|a Лазо
|b С. Г.
|c герой Гражданской войны
|f 1894-1920
|g Сергей Георгиевич
|2 stltpush
|3 (RuTPU)RU\TPU\pers\24890
|9 11087
|
| 606 |
1 |
|
|a Деятели контрреволюционного движения в России
|x Персоналии
|2 stltpush
|3 (RuTPU)RU\TPU\subj\70655
|9 84860
|
| 610 |
1 |
|
|a история
|
| 610 |
1 |
|
|a Россия
|
| 610 |
1 |
|
|a 20 век
|
| 610 |
1 |
|
|a революционное движение
|
| 610 |
1 |
|
|a Гражданская война 1918-1921
|
| 610 |
1 |
|
|a Сибирь
|
| 610 |
1 |
|
|a Дальний Восток
|
| 610 |
1 |
|
|a биографии
|
| 686 |
|
|
|a Т3(2)612-4414.8
|v LBC/SL-A
|2 rubbk
|
| 700 |
|
1 |
|a Немиров
|b И. И.
|g Иван Иванович
|
| 801 |
|
1 |
|a RU
|b 63413507
|c 20140620
|
| 801 |
|
2 |
|a RU
|b 63413507
|c 20150422
|g RCR
|
| 942 |
|
|
|c BK
|